[Event "srefidensi chess tournament Master Class"]
[Site "Hotel Royal Torarica"]
[Date "2013.11.20"]
[Round "1.1"]
[White "L'ami, Alina"]
[Black "Aguero Jimenez, Luis Lazaro"]
[Result "1/2-1/2"]
[WhiteElo "2361"]
[BlackElo "2422"]
[PlyCount "125"]
[EventDate "2013.??.??"]

1. d4 d5 2. c4 dxc4 3. Nf3 Nf6 4. e3 a6 5. Bxc4 e6 6. O-O c5 7. Bb3 b5 8. a4 b4
9. e4 cxd4 10. e5 Ne4 11. Nxd4 Bb7 12. a5 Nc5 13. Bc4 Qc7 14. f4 Nc6 15. Nxc6
Qxc6 16. Qe2 Ne4 17. Be3 Bc5 18. Bxc5 Qxc5+ 19. Kh1 O-O 20. Bd3 Qd4 21. Bxe4
Qxe4 22. Qxe4 Bxe4 23. Nd2 Bd5 24. Rac1 Rac8 25. Kg1 Rfd8 26. Nf3 Bb3 27. Nd4
Bd5 28. Kf2 h6 29. g3 Rc4 30. Ke3 Rdc8 31. Rxc4 Rxc4 32. Ra1 Rc5 33. Ra4 Kh7
34. Kd3 Kg6 35. Ke3 b3 36. Ra3 Rc1 37. Nxb3 Rc2 38. Kd3 Rxh2 39. Nc5 Bf3 40.
Ke3 Be2 41. Nd3 Bxd3 42. Rxd3 Rxb2 43. Rd6 Rb3+ 44. Kf2 Kf5 45. Rxa6 Kg4 46.
Ra7 Rf3+ 47. Ke2 Rxg3 48. Rxf7 Ra3 49. Rxg7+ Kxf4 50. Rg6 Kxe5 51. Rxh6 Kd5 52.
Rh4 Rxa5 53. Rg4 Ra3 54. Rh4 Rc3 55. Rg4 Ke5 56. Ra4 Rc5 57. Ke3 Rc3+ 58. Ke2
Kf5 59. Rb4 Rg3 60. Ra4 Rg4 61. Rxg4 Kxg4 62. Ke3 Kf5 63. Kf3 1/2-1/2

[Event "srefidensi chess tournament Master Class"]
[Site "Hotel Royal Torarica"]
[Date "2013.11.20"]
[Round "1.2"]
[White "Lebredo Zaragoitia, Gerardo"]
[Black "Sanches, Romario"]
[Result "1-0"]
[WhiteElo "2218"]
[BlackElo "2038"]
[PlyCount "81"]
[EventDate "2013.??.??"]

1. d4 Nf6 2. c4 c5 3. d5 e5 4. Nc3 d6 5. e4 Be7 6. a3 O-O 7. Bd3 Nbd7 8. Nge2
Ne8 9. Ng3 g6 10. Bh6 Ng7 11. Qd2 Nf6 12. h3 Kh8 13. O-O Ng8 14. Be3 f5 15.
exf5 gxf5 16. f4 e4 17. Bc2 Nf6 18. b4 b6 19. Ba4 Rg8 20. Bc6 Rb8 21. bxc5 bxc5
22. Rfb1 Rxb1+ 23. Rxb1 Nd7 24. Nb5 Nb6 25. Qc2 Bh4 26. Ne2 Qe7 27. Bc1 Nh5 28.
Bb2+ Bf6 29. Bxf6+ Qxf6 30. Kh1 Ba6 31. a4 Qg7 32. Rg1 Bxb5 33. cxb5 Ng3+ 34.
Nxg3 Qxg3 35. a5 Nc8 36. b6 axb6 37. axb6 Qg7 38. b7 Nb6 39. Qb3 Qc7 40. Rb1
Qg7 41. Qb2 1-0

[Event "srefidensi chess tournament Master Class"]
[Site "Hotel Royal Torarica"]
[Date "2013.11.20"]
[Round "1.3"]
[White "Matoewi, Roger"]
[Black "Willemze, Thomas"]
[Result "0-1"]
[WhiteElo "2119"]
[BlackElo "2418"]
[PlyCount "152"]
[EventDate "2013.??.??"]

1. e4 c6 2. d4 d5 3. Nc3 dxe4 4. Nxe4 h6 5. Ng3 h5 6. h4 g6 7. Bc4 Bg7 8. N1e2
Nf6 9. Bg5 Nbd7 10. Qd2 Nb6 11. Bb3 a5 12. a4 Nbd5 13. O-O O-O 14. c4 Nb4 15.
Bh6 Bxh6 16. Qxh6 Ng4 17. Qd2 c5 18. f3 Nf6 19. d5 e6 20. Nc3 Ra6 21. Rad1 Qb6
22. d6 Nc6 23. Qf4 Nh7 24. Nb5 Nd4 25. Rd3 Rd8 26. Rfd1 Nf8 27. Kh2 Rxd6 28.
Ne4 e5 29. Qxe5 Rc6 30. Nxd4 cxd4 31. c5 Qd8 32. Ng5 Be6 33. Rxd4 Qc7 34. Qxc7
Rxc7 35. Nxe6 Nxe6 36. Bxe6 Rxe6 37. Rd7 Rxc5 38. Rxb7 Rc4 39. Rdd7 Rf6 40. b3
Rxh4+ 41. Kg3 Rh1 42. Rd5 h4+ 43. Kf2 Re6 44. Rd8+ Kg7 45. Rd2 Ree1 46. Re2
Rhf1+ 47. Ke3 Rc1 48. Rd7 h3 49. gxh3 Rc3+ 50. Rd3 Rxf3+ 51. Kxf3 Rxd3+ 52. Re3
Rxe3+ 53. Kxe3 f5 54. b4 axb4 55. a5 b3 56. Kd2 b2 57. Kc2 f4 58. Kxb2 f3 59.
a6 f2 60. a7 f1=Q 61. a8=Q Qxh3 62. Kc2 Qd7 63. Qb8 Qd5 64. Qc7+ Kf6 65. Qb6+
Qe6 66. Qd4+ Qe5 67. Qh4+ g5 68. Qh8+ Kf5 69. Qh7+ Kg4 70. Kd2 Kg3 71. Kd1 Qd4+
72. Ke1 Qg1+ 73. Ke2 Qh2+ 74. Qxh2+ Kxh2 75. Kf3 Kh3 76. Kf2 g4 0-1

[Event "srefidensi chess tournament Master Class"]
[Site "Hotel Royal Torarica"]
[Date "2013.11.20"]
[Round "1.5"]
[White "Vilela De Acuna, Jose Luis"]
[Black "Sriram, Jha"]
[Result "0-1"]
[WhiteElo "2323"]
[BlackElo "2432"]
[PlyCount "65"]
[EventDate "2013.??.??"]

1. d4 Nf6 2. Nf3 g6 3. Bg5 Bg7 4. Nbd2 O-O 5. e4 d5 6. exd5 Nxd5 7. Nb3 a5 8.
c4 Nf6 9. Be2 Ne4 10. Be3 a4 11. Nbd2 Nd6 12. O-O Nf5 13. Ne4 Nc6 14. d5 Nxe3
15. fxe3 Ne5 16. Nxe5 Bxe5 17. Rb1 c6 18. dxc6 Qc7 19. h3 bxc6 20. c5 Be6 21.
a3 Rab8 22. Qxa4 Bb3 23. Qa6 Bc2 24. Bf3 Bxb1 25. Rxb1 Bxb2 26. Nf2 Qe5 27. Nd1
Bd4 28. Rxb8 Bxe3+ 29. Kf1 Rxb8 30. Qxc6 Bxc5 31. a4 Rb1 32. a5 Qd4 33. Ke2 0-1

[Event "srefidensi chess tournament Master Class"]
[Site "Hotel Royal Torarica"]
[Date "2013.11.21"]
[Round "2.2"]
[White "Gajadin, Dewperkash"]
[Black "Vilela De Acuna, Jose Luis"]
[Result "0-1"]
[WhiteElo "2138"]
[BlackElo "2323"]
[PlyCount "84"]
[EventDate "2013.??.??"]

1. e4 c5 2. Nf3 e6 3. d4 cxd4 4. Nxd4 a6 5. c4 Nf6 6. Bd3 Qc7 7. O-O Bd6 8. h3
Bf4 9. Nc3 Nc6 10. Nce2 Bxc1 11. Rxc1 d6 12. Bb1 O-O 13. Qd2 Rd8 14. Rfd1 Bd7
15. Nf3 Be8 16. Ned4 Ne5 17. b3 Rac8 18. Qe3 Nxf3+ 19. Nxf3 e5 20. Nh4 Bd7 21.
Nf5 Bxf5 22. exf5 Qc5 23. Qf3 b5 24. g4 d5 25. g5 Ne8 26. h4 dxc4 27. h5 Rd4
28. g6 Nf6 29. Qb7 Rf8 30. bxc4 bxc4 31. Rxd4 Qxd4 32. Qxa6 Ng4 33. gxf7+ Kh8
34. Rc2 Qd1+ 35. Kg2 Qxb1 36. Qxc4 Qb7+ 37. Kg3 Nf6 38. h6 gxh6 39. Qe6 Qxf7
40. Qxe5 Qg7+ 41. Kf3 Qg4+ 42. Ke3 Re8 0-1

[Event "srefidensi chess tournament Master Class"]
[Site "Hotel Royal Torarica"]
[Date "2013.11.21"]
[Round "2.3"]
[White "Willemze, Thomas"]
[Black "Harper, Ryan"]
[Result "1-0"]
[WhiteElo "2418"]
[BlackElo "2284"]
[PlyCount "101"]
[EventDate "2013.??.??"]

1. e4 e5 2. Nf3 Nc6 3. Nc3 Nf6 4. Bb5 Bb4 5. O-O O-O 6. d3 d6 7. Bg5 Ne7 8. Nh4
c6 9. Ba4 Bg4 10. f3 Be6 11. Bxf6 gxf6 12. f4 exf4 13. Ne2 Qa5 14. c3 Qh5 15.
Qe1 Ba5 16. Nxf4 Qh6 17. Qg3+ Kh8 18. Nxe6 fxe6 19. Qxd6 Bb6+ 20. Kh1 Rae8 21.
Qf4 Qxf4 22. Rxf4 Ng6 23. Nxg6+ hxg6 24. d4 e5 25. Rh4+ Kg7 26. d5 Rd8 27. dxc6
bxc6 28. Bxc6 Rd2 29. b4 Rc8 30. b5 Rcd8 31. Bd5 Bf2 32. g3 g5 33. Rh3 f5 34.
Rf1 f4 35. a4 fxg3 36. hxg3 g4 37. Rh4 Rh8 38. Rxh8 Kxh8 39. Be6 Bxg3 40. Bxg4
Ra2 41. Bd7 Bf4 42. c4 Rc2 43. Be6 Kg7 44. a5 Kf6 45. Bd5 Ke7 46. a6 Rc3 47. b6
Rh3+ 48. Kg2 Rh2+ 49. Kg1 Rh4 50. Rxf4 exf4 51. bxa7 1-0

[Event "srefidensi chess tournament Master Class"]
[Site "Hotel Royal Torarica"]
[Date "2013.11.21"]
[Round "2.4"]
[White "Sanches, Romario"]
[Black "Matoewi, Roger"]
[Result "1/2-1/2"]
[WhiteElo "2038"]
[BlackElo "2119"]
[PlyCount "118"]
[EventDate "2013.??.??"]

1. e4 c5 2. Nc3 e6 3. g3 d6 4. Bg2 Be7 5. Nge2 Nf6 6. O-O O-O 7. d3 Nc6 8. h3
d5 9. exd5 exd5 10. d4 cxd4 11. Nxd4 Nxd4 12. Qxd4 Be6 13. Be3 Qd7 14. Kh2 Rfd8
15. Rad1 b6 16. Qd2 Bb4 17. a3 Bxc3 18. bxc3 Rac8 19. Bd4 Ne8 20. Rfe1 Qd6 21.
a4 Qf8 22. a5 bxa5 23. Ra1 Nd6 24. Bf1 Nc4 25. Bxc4 dxc4 26. Rxa5 Rc7 27. Qf4
Rcd7 28. Rb1 Rd5 29. Rxd5 Bxd5 30. Bxa7 Be6 31. Bd4 h6 32. Qe5 Bc8 33. Re1 f6
34. Qc7 Re8 35. Qxc4+ Kh8 36. Bc5 Qg8 37. Qxg8+ Rxg8 38. g4 Kh7 39. Re7 Rd8 40.
Bd4 Rd6 41. Ra7 Ba6 42. Kg3 Rc6 43. h4 Bc8 44. f4 Ba6 45. g5 hxg5 46. hxg5 Kg6
47. Kf3 Bc8 48. Ra5 Bf5 49. gxf6 gxf6 50. Ra2 Be6 51. Rb2 Bd5+ 52. Kg3 Be4 53.
Rb6 Rxb6 54. Bxb6 Bxc2 55. Kf3 f5 56. Ke3 Kf7 57. Kd4 Ke6 58. Kc5 Kd7 59. Kd5
Kc8 1/2-1/2

[Event "srefidensi chess tournament Master Class"]
[Site "Hotel Royal Torarica"]
[Date "2013.11.21"]
[Round "3.1"]
[White "Lebredo Zaragoitia, Gerardo"]
[Black "Aguero Jimenez, Luis Lazaro"]
[Result "0-1"]
[WhiteElo "2218"]
[BlackElo "2422"]
[PlyCount "63"]
[EventDate "2013.??.??"]

1. d4 Nf6 2. c4 g6 3. Nc3 d5 4. Nf3 Bg7 5. e3 O-O 6. cxd5 Nxd5 7. Bc4 Nxc3 8.
bxc3 c5 9. O-O Qc7 10. Qe2 Nc6 11. Ba3 Na5 12. Bd3 b6 13. Rab1 Rd8 14. Rfd1 Bb7
15. Ba6 Be4 16. Bd3 Bxd3 17. Qxd3 Rac8 18. d5 e6 19. c4 exd5 20. cxd5 c4 21.
Qc2 c3 22. e4 Nc4 23. Bc1 Re8 24. Rb3 Qe7 25. Rxc3 Bxc3 26. Qxc3 Nd6 27. Qb3
Qxe4 28. Ba3 Qe2 29. Rf1 Nb5 30. Bb2 Rc2 31. Be5 Rxa2 32. Qd1 0-1

[Event "srefidensi chess tournament Master Class"]
[Site "Hotel Royal Torarica"]
[Date "2013.11.21"]
[Round "3.2"]
[White "Matoewi, Roger"]
[Black "L'ami, Alina"]
[Result "1/2-1/2"]
[WhiteElo "2119"]
[BlackElo "2361"]
[PlyCount "108"]
[EventDate "2013.??.??"]

1. e4 c5 2. Nf3 d6 3. d4 cxd4 4. Nxd4 Nf6 5. Nc3 a6 6. a4 e5 7. Nb3 Be6 8. Be2
Be7 9. Bg5 Nbd7 10. O-O O-O 11. Re1 Rc8 12. Bf1 h6 13. Bxf6 Nxf6 14. Nd5 Nxd5
15. exd5 Bf5 16. c4 a5 17. c5 dxc5 18. Rxe5 Bg6 19. Rxe7 Qxe7 20. Nxa5 Rfd8 21.
Nc4 Be4 22. d6 Qe6 23. Qh5 Bc2 24. a5 Rc6 25. Qh4 Rf8 26. Qg3 Kh8 27. Qc3 Bf5
28. Re1 Qc8 29. Re7 Be6 30. Nb6 Qd8 31. Rxb7 Qxd6 32. Nc4 Qd1 33. Ne5 Bc8 34.
Ra7 Rf6 35. Qxc5 Re8 36. Ra8 Rf5 37. Rxc8 Rfxe5 38. Rxe8+ Rxe8 39. a6 Re1 40.
Qc4 Qa1 41. b4 Rc1 42. Qb5 Rb1 43. g3 g6 44. Kg2 Qd4 45. Qe8+ Kg7 46. b5 Rb2
47. Qe1 Kh7 48. h4 h5 49. Kg1 Rb3 50. Kh2 Rb2 51. Kg1 Rb3 52. Kh2 Rb2 53. Kg1
Rb3 54. Kh2 Rb2 1/2-1/2

[Event "srefidensi chess tournament Master Class"]
[Site "Hotel Royal Torarica"]
[Date "2013.11.21"]
[Round "3.3"]
[White "Harper, Ryan"]
[Black "Sanches, Romario"]
[Result "1-0"]
[WhiteElo "2284"]
[BlackElo "2038"]
[PlyCount "87"]
[EventDate "2013.??.??"]

1. e4 g6 2. d4 Bg7 3. Nf3 d6 4. Nc3 c6 5. h3 Nd7 6. Bd3 b5 7. a3 a6 8. Ne2 Ngf6
9. a4 Bb7 10. e5 dxe5 11. dxe5 Nd5 12. e6 fxe6 13. Ng5 Nf8 14. c3 Qd6 15. Qc2
Bf6 16. Ne4 Qc7 17. Nc5 Kf7 18. O-O Nd7 19. Nxb7 Qxb7 20. axb5 axb5 21. Rxa8
Rxa8 22. Nf4 Nxf4 23. Bxf4 Nb6 24. Qe2 Nd5 25. Bc1 Qc7 26. Re1 e5 27. Qe4 Ra4
28. Qf3 Qd6 29. g3 Kg7 30. Be4 Qe6 31. Kg2 Ra7 32. b3 Rc7 33. Rd1 Nb6 34. Qe3
Rd7 35. Rxd7 Nxd7 36. Qa7 Nf8 37. Qa8 Qxb3 38. Bh6+ Kxh6 39. Qxf8+ Bg7 40. Qxe7
g5 41. Qd6+ Kh5 42. Bf3+ g4 43. Bxg4+ Kg5 44. f4+ 1-0

[Event "srefidensi chess tournament Master Class"]
[Site "Hotel Royal Torarica"]
[Date "2013.11.21"]
[Round "3.4"]
[White "Vilela De Acuna, Jose Luis"]
[Black "Willemze, Thomas"]
[Result "1/2-1/2"]
[WhiteElo "2323"]
[BlackElo "2418"]
[PlyCount "48"]
[EventDate "2013.??.??"]

1. d4 Nf6 2. Nf3 c5 3. d5 b5 4. Bg5 Qb6 5. a4 b4 6. c4 d6 7. Nbd2 g6 8. e4 Bg4
9. Bxf6 exf6 10. h3 Bc8 11. Bd3 Bg7 12. O-O a5 13. b3 Ra7 14. Ra2 Re7 15. Re1
Nd7 16. Bb1 Bh6 17. g3 O-O 18. Kg2 Rfe8 19. Nf1 Ne5 20. N3h2 Qd8 21. f4 Nd7 22.
Rae2 Bg7 23. Qd3 Nf8 24. Qf3 Kh8 1/2-1/2

[Event "srefidensi chess tournament Master Class"]
[Site "Hotel Royal Torarica"]
[Date "2013.11.21"]
[Round "3.5"]
[White "Sriram, Jha"]
[Black "Gajadin, Dewperkash"]
[Result "1-0"]
[WhiteElo "2432"]
[BlackElo "2138"]
[PlyCount "63"]
[EventDate "2013.??.??"]

1. d4 Nf6 2. c4 e6 3. Nc3 d5 4. cxd5 exd5 5. Bg5 Be7 6. e3 O-O 7. Qc2 Nbd7 8.
Nf3 Re8 9. Bd3 c6 10. O-O Nf8 11. Rab1 a5 12. h3 h6 13. Bf4 Ne6 14. Bh2 Bd6 15.
Ne5 Ng5 16. f4 Ne6 17. Kh1 c5 18. Nb5 c4 19. Be2 Bf8 20. b3 cxb3 21. Rxb3 a4
22. Rbb1 Qa5 23. f5 Ng5 24. Nc7 Nge4 25. Nxa8 Qxa8 26. Bb5 Re7 27. Bxa4 Nh5 28.
Kg1 Nhg3 29. Bxg3 Nxg3 30. Bb3 Nxf1 31. Rxf1 Qb8 32. Bxd5 1-0

[Event "srefidensi chess tournament Master Class"]
[Site "Hotel Royal Torarica"]
[Date "2013.11.22"]
[Round "4.1"]
[White "Aguero Jimenez, Luis Lazaro"]
[Black "Gajadin, Dewperkash"]
[Result "1-0"]
[WhiteElo "2422"]
[BlackElo "2138"]
[PlyCount "67"]
[EventDate "2013.??.??"]

1. e4 e5 2. Nf3 Nc6 3. Bb5 a6 4. Ba4 Nf6 5. O-O Be7 6. d3 b5 7. Bb3 d6 8. a4
Bb7 9. Nc3 b4 10. Nd5 Nxd5 11. Bxd5 Rb8 12. a5 O-O 13. Bd2 Nd4 14. Bc4 Kh8 15.
Nxd4 exd4 16. Bxb4 f5 17. Qe1 Rf6 18. Bd2 f4 19. f3 Qd7 20. c3 d5 21. Bxd5 Bxd5
22. exd5 Bc5 23. c4 Rxb2 24. Rb1 Rxb1 25. Qxb1 h6 26. Re1 Kh7 27. Re4 Qf7 28.
Bb4 Qf8 29. Bd2 Qf7 30. Qb8 Bd6 31. Qc8 Qg6 32. Kf1 Rf8 33. Qb7 Rd8 34. Qb2 1-0

[Event "srefidensi chess tournament Master Class"]
[Site "Hotel Royal Torarica"]
[Date "2013.11.22"]
[Round "4.2"]
[White "Willemze, Thomas"]
[Black "Sriram, Jha"]
[Result "1/2-1/2"]
[WhiteElo "2418"]
[BlackElo "2432"]
[PlyCount "31"]
[EventDate "2013.??.??"]

1. e4 e5 2. Nf3 Nc6 3. Nc3 Nf6 4. Bb5 Bd6 5. a3 Nd4 6. Bc4 c6 7. d3 Bc7 8. Nxd4
exd4 9. Ne2 O-O 10. Bg5 d5 11. exd5 cxd5 12. Ba2 Re8 13. Qd2 h6 14. Bh4 Ba5 15.
b4 Bc7 16. h3 1/2-1/2

[Event "srefidensi chess tournament Master Class"]
[Site "Hotel Royal Torarica"]
[Date "2013.11.22"]
[Round "4.4"]
[White "L'ami, Alina"]
[Black "Harper, Ryan"]
[Result "0-1"]
[WhiteElo "2361"]
[BlackElo "2284"]
[PlyCount "70"]
[EventDate "2013.??.??"]

1. d4 d5 2. c4 e6 3. Nf3 c6 4. Nc3 dxc4 5. a4 Bb4 6. e3 Nf6 7. Bxc4 Nbd7 8. O-O
O-O 9. Qe2 Qe7 10. e4 e5 11. d5 Nb6 12. Bb3 h6 13. a5 Nbd7 14. Rd1 Nc5 15. d6
Qd8 16. Bc2 Bg4 17. h3 Bxf3 18. Qxf3 Ne6 19. Qg3 Bxd6 20. Bxh6 Qe7 21. Bb3 Ne8
22. Rd3 Nc5 23. Rad1 Nxb3 24. Rxd6 Nd4 25. R6xd4 exd4 26. Rxd4 Rd8 27. Rxd8
Qxd8 28. e5 Qxa5 29. Bg5 f6 30. exf6 Nxf6 31. Kh2 Qf5 32. f4 Nh5 33. Qe3 Nxf4
34. Ne4 Nd5 35. Qd3 Qe5+ 0-1

[Event "srefidensi chess tournament Master Class"]
[Site "Hotel Royal Torarica"]
[Date "2013.11.22"]
[Round "4.5"]
[White "Lebredo Zaragoitia, Gerardo"]
[Black "Matoewi, Roger"]
[Result "1-0"]
[WhiteElo "2218"]
[BlackElo "2119"]
[PlyCount "123"]
[EventDate "2013.??.??"]

1. d4 f5 2. Nc3 d5 3. Bg5 Nf6 4. Bxf6 exf6 5. e3 Be6 6. Bd3 c6 7. Nh3 Qe7 8.
Nf4 g6 9. h4 Bh6 10. Qf3 Nd7 11. O-O-O O-O-O 12. Nxe6 Qxe6 13. Kb1 Bf8 14. h5
Bb4 15. Ne2 Qf7 16. Rh3 Rhg8 17. Rdh1 Rg7 18. hxg6 hxg6 19. Rh6 Bd6 20. g3 Kb8
21. Nf4 Nb6 22. c3 Bxf4 23. Qxf4+ Qc7 24. Qf3 Nd7 25. Rh8 Nf8 26. g4 fxg4 27.
Qxf6 Rf7 28. Qh4 a6 29. Bxg6 Rg7 30. Bd3 Ka7 31. Rg1 Ne6 32. Rxd8 Nxd8 33. Rxg4
Rxg4 34. Qxg4 Qe7 35. Qg3 Nf7 36. Kc2 Nd6 37. Qe5 Qf8 38. f4 Ne8 39. f5 Nf6 40.
a4 Ng4 41. Qf4 Qg7 42. b4 Nf6 43. Kb3 Qe7 44. Qe5 Qd8 45. c4 Ka8 46. c5 Ka7 47.
Qd6 Qxd6 48. cxd6 Kb8 49. b5 axb5 50. axb5 Kc8 51. b6 Ne8 52. Kb4 Kd7 53. Kc5
Nxd6 54. Bc2 Ne8 55. e4 dxe4 56. Bxe4 Nf6 57. Bf3 Ng8 58. d5 cxd5 59. Bxd5 Nf6
60. Bxb7 Ng4 61. Bd5 Kc8 62. Kd6 1-0

[Event "srefidensi chess tournament Master Class"]
[Site "Hotel Royal Torarica"]
[Date "2013.11.22"]
[Round "5.1"]
[White "Matoewi, Roger"]
[Black "Aguero Jimenez, Luis Lazaro"]
[Result "0-1"]
[WhiteElo "2119"]
[BlackElo "2422"]
[PlyCount "86"]
[EventDate "2013.??.??"]

1. e4 c5 2. Nf3 Nc6 3. d4 cxd4 4. Nxd4 Nf6 5. Nc3 e5 6. Ndb5 d6 7. Bg5 a6 8.
Na3 b5 9. Nd5 Be7 10. Bxf6 Bxf6 11. Nxf6+ Qxf6 12. c3 O-O 13. Nc2 Bb7 14. Ne3
Ne7 15. Bd3 Rad8 16. Qh5 g6 17. Qe2 d5 18. exd5 Nxd5 19. Nxd5 Bxd5 20. O-O e4
21. Bxe4 Bc4 22. Qc2 Bxf1 23. Rxf1 Qf4 24. g3 Qd2 25. Qb3 Rfe8 26. Bb7 Rd6 27.
a4 Re7 28. Bg2 Rf6 29. Qd1 Rxf2 30. Qxd2 Rxd2 31. axb5 axb5 32. b3 Rc7 33. Rc1
b4 34. c4 Rb2 35. c5 Rxb3 36. c6 Rc3 37. Rb1 b3 38. Bd5 Rc5 39. Bg2 Rb5 40. Rb2
Ra7 41. Rb1 b2 42. Kf2 Re7 43. Bf3 Ree5 0-1

[Event "srefidensi chess tournament Master Class"]
[Site "Hotel Royal Torarica"]
[Date "2013.11.22"]
[Round "5.2"]
[White "Harper, Ryan"]
[Black "Lebredo Zaragoitia, Gerardo"]
[Result "1-0"]
[WhiteElo "2284"]
[BlackElo "2218"]
[PlyCount "63"]
[EventDate "2013.??.??"]

1. e4 c5 2. Nf3 e6 3. d4 cxd4 4. Nxd4 a6 5. Nc3 Qc7 6. g3 Nf6 7. Bg2 Bb4 8.
Nde2 Be7 9. O-O Nc6 10. a4 Rb8 11. Nf4 O-O 12. Nd3 d6 13. g4 b5 14. axb5 axb5
15. g5 Nd7 16. f4 b4 17. Ne2 Qb6+ 18. Kh1 b3 19. c3 Ba6 20. Rf3 Rfe8 21. Ng3 g6
22. Be3 Nc5 23. Nf2 Bf8 24. Ng4 Red8 25. Nf6+ Kh8 26. Ngh5 Ra8 27. Rc1 Bg7 28.
Nxg7 Kxg7 29. Bd4 Nxd4 30. Qxd4 e5 31. fxe5 Nd7 32. Nxd7 1-0

[Event "srefidensi chess tournament Master Class"]
[Site "Hotel Royal Torarica"]
[Date "2013.11.22"]
[Round "5.4"]
[White "Sriram, Jha"]
[Black "Sanches, Romario"]
[Result "1-0"]
[WhiteElo "2432"]
[BlackElo "2038"]
[PlyCount "106"]
[EventDate "2013.??.??"]

1. d4 Nf6 2. c4 c5 3. d5 e5 4. Nc3 d6 5. e4 Be7 6. g3 O-O 7. Bg2 Nbd7 8. Nge2
Rb8 9. O-O a6 10. a4 Ne8 11. f4 g6 12. Qd3 Ng7 13. f5 f6 14. Bh6 Rf7 15. h4 Bf8
16. Bh3 Ne8 17. fxg6 hxg6 18. Bd2 Nb6 19. Be6 Bxe6 20. dxe6 Rh7 21. Nd5 Nxd5
22. cxd5 b5 23. axb5 axb5 24. b4 Qb6 25. Kg2 Ra7 26. Qf3 Rba8 27. Qg4 Qc7 28.
Rxa7 Qxa7 29. Qxg6+ Qg7 30. Qh5 Qh7 31. Qxh7+ Kxh7 32. Nc1 Ra4 33. Rf3 cxb4 34.
Rb3 Bh6 35. Bxh6 Kxh6 36. Rb2 Kg6 37. Nd3 b3 38. Rxb3 Rxe4 39. Rxb5 Nc7 40. h5+
Kxh5 41. Rb7 Nxd5 42. Nb4 Rxb4 43. Rxb4 Kg6 44. Rb5 Ne3+ 45. Kf2 Nf5 46. Rb8
Kg7 47. Rd8 d5 48. Rxd5 Kf8 49. Rd7 Nd4 50. Rf7+ Ke8 51. Ke3 Nf5+ 52. Kf3 e4+
53. Kf4 Nd6 {Kxe4} 1-0

[Event "srefidensi chess tournament Master Class"]
[Site "Hotel Royal Torarica"]
[Date "2013.11.22"]
[Round "5.5"]
[White "Gajadin, Dewperkash"]
[Black "Willemze, Thomas"]
[Result "0-1"]
[WhiteElo "2138"]
[BlackElo "2418"]
[PlyCount "54"]
[EventDate "2013.??.??"]

1. e4 d5 2. exd5 Qxd5 3. Nc3 Qa5 4. d4 Nf6 5. Bc4 Bg4 6. Nge2 Nbd7 7. Bd2 Qb6
8. O-O e6 9. Be3 Qb4 10. Bb3 c6 11. f3 Bf5 12. Nf4 O-O-O 13. a3 Qa5 14. Nce2 g5
15. Nd3 g4 16. Bc4 gxf3 17. Rxf3 Be4 18. Rg3 Bd6 19. Bf4 e5 20. Bd2 Qc7 21. Qe1
exd4 22. Bf4 Nb6 23. Ba2 Rhe8 24. Qd2 Bg6 25. Bxd6 Qxd6 26. Nf2 Qc5 27. b4 Qxc2
0-1

[Event "srefidensi chess tournament Master Class"]
[Site "Hotel Royal Torarica"]
[Date "2013.11.23"]
[Round "6.1"]
[White "Aguero Jimenez, Luis Lazaro"]
[Black "Willemze, Thomas"]
[Result "0-1"]
[WhiteElo "2422"]
[BlackElo "2418"]
[PlyCount "96"]
[EventDate "2013.??.??"]

1. Nf3 Nf6 2. c4 b6 3. g3 c5 4. Bg2 Bb7 5. Nc3 g6 6. O-O Bg7 7. d4 cxd4 8. Qxd4
d6 9. Bg5 Nbd7 10. Qd2 Rc8 11. b3 Nc5 12. Bxf6 Bxf6 13. Rac1 O-O 14. Bh3 Bxc3
15. Qxc3 Ne4 16. Qe3 Rc5 17. b4 Rc7 18. Nd4 a6 19. Nb3 d5 20. Rfd1 Qd6 21. f3
Nf6 22. c5 bxc5 23. bxc5 Qd8 24. Na5 Bc6 25. Qc3 Bb5 26. e4 e6 27. Bf1 Bxf1 28.
Kxf1 Qe7 29. exd5 Nxd5 30. Qd4 Rb8 31. Rb1 Rbc8 32. Nb3 Qg5 33. Kg1 h5 34. Re1
Qf5 35. Qe4 Qf6 36. Rbc1 Nc3 37. Qc4 Nd5 38. Kg2 h4 39. Rc2 Qg5 40. Rce2 Rb8
41. Re5 Qd8 42. gxh4 Qf6 43. Qg4 Nf4+ 44. Kg3 Nd3 45. Rxe6 fxe6 46. Rxe6 Qf5
47. Rxg6+ Qxg6 48. Qxg6+ Rg7 0-1

[Event "srefidensi chess tournament Master Class"]
[Site "Hotel Royal Torarica"]
[Date "2013.11.23"]
[Round "6.5"]
[White "Matoewi, Roger"]
[Black "Harper, Ryan"]
[Result "1/2-1/2"]
[WhiteElo "2119"]
[BlackElo "2284"]
[PlyCount "78"]
[EventDate "2013.??.??"]

1. e4 e5 2. Nf3 Nc6 3. Bb5 a6 4. Ba4 Nf6 5. d3 Bc5 6. c3 d6 7. h3 h6 8. O-O Ba7
9. Re1 g5 10. d4 Qe7 11. dxe5 dxe5 12. Bxc6+ bxc6 13. Be3 g4 14. hxg4 Bxe3 15.
Rxe3 Nxg4 16. Re2 Be6 17. Na3 O-O 18. Qa4 Qc5 19. Nc2 Bc4 20. Rd2 Rad8 21. Qb4
Qa7 22. Ncd4 Bb5 23. c4 exd4 24. cxb5 c5 25. Qa4 Rd6 26. Rc1 Rb8 27. bxa6 Rxa6
28. Qd7 Re6 29. Qd5 Nf6 30. Qf5 Nxe4 31. Re2 Ng3 32. fxg3 Rxe2 33. Nh4 Rbxb2
34. Rf1 Qxa2 35. Qg4+ Kh8 36. Qc8+ Kg7 37. Qg4+ Kh8 38. Qc8+ Kg7 39. Qg4+ Kh8
1/2-1/2

[Event "srefidensi chess tournament Master Class"]
[Site "Hotel Royal Torarica"]
[Date "2013.11.24"]
[Round "7.1"]
[White "Harper, Ryan"]
[Black "Aguero Jimenez, Luis Lazaro"]
[Result "1-0"]
[WhiteElo "2284"]
[BlackElo "2422"]
[PlyCount "67"]
[EventDate "2013.??.??"]

1. e4 c5 2. Nf3 e6 3. d4 cxd4 4. Nxd4 Qb6 5. Nb3 Qc7 6. Bd3 Nf6 7. c4 d6 8. Nc3
a6 9. Be3 Be7 10. Rc1 b6 11. Nd2 Nbd7 12. f4 Bb7 13. b4 Rc8 14. O-O Qb8 15. a3
Qa8 16. Qe2 O-O 17. Qf3 Rfe8 18. g4 d5 19. exd5 exd5 20. Qh3 dxc4 21. Nxc4 b5
22. Ne5 Nxe5 23. fxe5 Ne4 24. g5 Rcd8 25. e6 f6 26. Bb1 Rf8 27. gxf6 Rxf6 28.
Nxe4 Bxe4 29. Rxf6 Bxb1 30. Rf7 Qb7 31. Rxb1 Qe4 32. Re1 Bg5 33. Bxg5 Qxe1+ 34.
Rf1 1-0